Πρόταση σχεδιασμού εικονικού χώρου για το νερό : μεταπτυχιακή διατριβή

Αποθηκεύτηκε σε:
Λεπτομέρειες βιβλιογραφικής εγγραφής
Κύριος συγγραφέας: Κορδογιάννης, Γεώργιος
Συγγραφή απο Οργανισμό/Αρχή: Πανεπιστήμιο Αιγαίου. Σχολή Κοινωνικών Επιστημών. Τμήμα Πολιτισμικής Τεχνολογίας και Επικοινωνίας. Πρόγραμμα Μεταπτυχιακών Σπουδών Πολιτισμική Πληροφορική και Επικοινωνία
Άλλοι συγγραφείς: Σαμπανίκου, Εύη Δημ., 1965- (Εισηγητής διατριβής)
Μορφή: Thesis Βιβλίο
Γλώσσα:Greek
Δημοσίευση: 2007
Θέματα:
Διαθέσιμο Online:http://hdl.handle.net/11610/15438
Ετικέτες: Προσθήκη ετικέτας
Δεν υπάρχουν, Καταχωρήστε ετικέτα πρώτοι!

MARC

LEADER 00000cam a2200000 i 4500
001 1/61268
008 071031s2007 gre d
035 |l 10091984 
040 |a GR-MY-UA  |b gre  |e aacr 
041 0 |a gre 
100 1 |a Κορδογιάννης, Γεώργιος. 
245 1 0 |a Πρόταση σχεδιασμού εικονικού χώρου για το νερό :  |b μεταπτυχιακή διατριβή /  |c Κορδογιάννης Γεώργιος ; επιβλέπουσα καθηγήτρια: Σαμπανίκου Ευαγγελία ; συνεπιβλέπων καθηγητής: Γεράσιμος Παυλογεωργάτος 
260 |c 2007 
300 |a 168 σ.;  |b έγχρ. εικ., σχ.;  |c 30 εκ. 
500 |a Τριμελής εξεταστική επιτροπή: Σαμπανίκου Ευαγγελία, Γεράσιμος Παυλογεωργάτος, Χρήστος Αναγνωστόπουλος 
502 |a Διατριβή (μεταπτυχιακή) – Πανεπιστήμιο Αιγαίου, Λέσβος, 2007. 
504 |a Βιβλιογραφία: σ. 157-158 
650 0 0 |a Virtual museums. 
650 0 0 |a Web sites  |x Design. 
650 0 0 |a Water  |x Study and teaching  |x Audio-visual aids. 
650 0 0 |a Dissertations, Academic  |z Greece. 
700 1 |4 ths  |a Σαμπανίκου, Εύη Δημ.,   |d 1965- 
710 2 |a Πανεπιστήμιο Αιγαίου.   |b Σχολή Κοινωνικών Επιστημών.   |b Τμήμα Πολιτισμικής Τεχνολογίας και Επικοινωνίας.   |b Πρόγραμμα Μεταπτυχιακών Σπουδών Πολιτισμική Πληροφορική και Επικοινωνία. 
852 |a INST  |b LESVOS  |c DIATR  |e 20071031  |h 83  |p 005100038857  |q 005100038857  |t MTXE  |y 23 
852 |a INST  |b LESVOS  |c DIATR  |e 20071031  |h 84  |p 005100038856  |q 005100038856  |t MTXE  |y 23 
856 |u http://hdl.handle.net/11610/15438 
901 |a BIBL1-2007-3 
909 |a Λ  |b 132998 
909 |a Λ  |b 132999 
924 |a ΚΟΡΔΟΓΙΑΝΝΗΣ  |b ΓΕΩΡΓΙΟΣ  |y ΛΕΣΒΟΣ  |z 2007-10 
970 |a ΒΑΡΚΑ  |b ΕΛΕΥΘΕΡΙΑ  |z 2007/10/31